原神 元素爆発アイコンクイズ - Statistics

General Stats
  • This quiz has been taken 324 times
  • The average score is 13 of 24
Answer Stats
Picture Answer % Correct
フリーナ
99%
胡桃
98%
ベネット
98%
夜蘭
94%
キィニチ
76%
荒瀧一斗
71%
シグウィン
65%
神里綾華
64%
千織
63%
シトラリ
63%
アルレッキーノ
58%
閑雲
58%
ヌヴィレット
54%
香菱
48%
ドリー
47%
クロリンデ
45%
綺良々
40%
エウルア
40%
クレー
37%
トーマ
32%
ジン
30%
キャンディス
24%
シュヴルーズ
22%
セトス
18%
No matching quizzes found
Score Distribution
Percent of People with Each Score
Percentile by Number Answered
Your Score History
You have not taken this quiz